| 000 | 00502nam a22001697a 4500 | ||
|---|---|---|---|
| 008 | 230623b |||||||| |||| 00| 0 eng d | ||
| 040 |
_aNational Science Library _cNational Science Library |
||
| 080 |
_aR 504:061.62(058) _bP1 |
||
| 245 | _aWorld directory of environment organization | ||
| 250 | _a6th ed. | ||
| 260 |
_aLondon: _bEarthscan Publication Limited, _c2001 |
||
| 300 | _a263p. | ||
| 650 | _aEnvironment | ||
| 653 | _aDirectory | ||
| 700 | _aTrzyna, Ted (Ed.) | ||
| 942 |
_2udc _cDIR |
||
| 999 |
_c46932 _d46932 |
||